000 00381nam a2200157Ia 4500
008 221030s9999 xx 000 0 und d
041 _aEnglish
082 _a105.23
_bUll
100 _aJ. D. Ullman
245 0 _aPrinciples Of Data Base Systems
_cby J. D. Ullman
250 _a2nd
260 _bGalgotia Pub
_aIndia
_c2000
300 _a484
650 _aBE Computer
942 _cBK
999 _c7519
_d7519